00735nam a2200253 a 450000100060000000300080000600500170001400800410003102000210007202000220009302000220011503500190013704000270015604100080018308200220019110000190021324500790023226000340031130000250034550400390037050500140040965100280042370000300045164362BD-RjUL20211209081310.0170214s1983 nyua b 001 0 eng  a0531056430 (set) a0531056449 (v. 1) a0531056457 (v. 2) a(BD-RjUL)64492 aDLCcDLCdBD-RjULbeng aeng00a973223bGRC 19831 aGriggs, Guy P.14aThe course of American history /cGuy P. Griggs, Jr. and Perry McCandless. aNew York :bF. Watts,cc1983. aV. :bill. ;c24 cm. aIncludes bibliographies and index. aVol. 2 -- 0aUnited StatesxHistory.1 aMcCandless, Perry,d1917-